| 000 | 00473cam a22001457a 4500 | ||
|---|---|---|---|
| 008 | 180718b1997 xxu||||| |||| 00| 0 eng d | ||
| 082 | _aO32 K56 | ||
| 100 | _aKim, Aehyung | ||
| 245 |
_aHealth and labor productivity: the economic impact of Onchocercal skin disease _cby Aehyung Kim... [et.al] |
||
| 260 |
_aWashington, D.C. _bWorld Bank _c1997 |
||
| 300 | _a12p. | ||
| 440 | _aPolicy research and working paper 1836 | ||
| 650 | _aOnchocerciasis | ||
| 650 | _aSkin diaseases | ||
| 999 |
_c271511 _d271511 |
||